Premier League - najlepsi strzelcy w każdym sezonie - Statystyki

Ogólne statystyki
  • Ten quiz został rozwiązany 339 razy
  • Średni wynik to 24 z 38
Statystyki odpowiedzi
Sezon Zawodnik Klub Gole % Poprawnych
2021/22 Mohamed Salah Liverpool 23
100%
2018/19 Mohamed Salah Liverpool 22
100%
2017/18 Mohamed Salah Liverpool 32
100%
2022/23 Erling Haaland Manchester City 36
99%
2020/21 Harry Kane Tottenham 23
99%
2016/17 Harry Kane Tottenham 29
99%
2015/16 Harry Kane Tottenham 25
99%
2019/20 Jamie Vardy Leicester City 23
93%
2014/15 Sergio Agüero Manchester City 26
93%
2018/19 Sadio Mané Liverpool 22
89%
2007/08 Cristiano Ronaldo Manchester United 31
87%
2009/10 Didier Drogba Chelsea 29
83%
2006/07 Didier Drogba Chelsea 20
83%
2005/06 Thierry Henry Arsenal 27
83%
2004/05 Thierry Henry Arsenal 25
83%
2003/04 Thierry Henry Arsenal 30
83%
2001/02 Thierry Henry Arsenal 24
83%
2013/14 Luis Suárez Liverpool 31
72%
2012/13 Robin van Persie Manchester United 26
72%
2011/12 Robin van Persie Arsenal 30
72%
2018/19 Pierre-Emerick Aubameyang Arsenal 22
67%
1996/97 Alan Shearer Newcastle United 25
65%
1995/96 Alan Shearer Blackburn Rovers 31
65%
1994/95 Alan Shearer Blackburn Rovers 34
65%
1998/99 Michael Owen Liverpool 18
49%
1997/98 Michael Owen Liverpool 18
49%
2010/11 Carlos Tévez Manchester City 21
42%
2002/03 Ruud van Nistelrooy Manchester United 25
38%
2008/09 Nicolas Anelka Chelsea 19
36%
2010/11 Dimitar Berbatov Manchester United 21
33%
1993/94 Andy Cole Newcastle United 34
32%
1998/99 Dwight Yorke Aston Villa / Manchester Untied 18
20%
1992/93 Teddy Sheringham Nottingham Forest / Tottenham 21
16%
2000/01 Jimmy Floyd Hasselbaink Chelsea 23
13%
1998/99 Jimmy Floyd Hasselbaink Leeds United 18
13%
1999/00 Kevin Phillips Sunderland 30
4%
1997/98 Chris Sutton Blackburn Rovers 18
3%
1997/98 Dion Dublin Coventry City 18
3%
Nie znaleziono quizów pasujących do podanych kryteriów
Rozkład punktacji
Procent ludzi z każdym wynikiem
Percentyl według liczby udzielonych odpowiedzi
Twoja historia wyników
Nie rozwiązałeś tego quizu